Auratt (Woman), Maa, Behn, Bivi aur Beti / (Record no. 188040)
[ view plain ]
| 000 -LEADER | |
|---|---|
| fixed length control field | 00412 a2200157 4500 |
| 003 - CONTROL NUMBER IDENTIFIER | |
| control field | Nust |
| 005 - DATE AND TIME OF LATEST TRANSACTION | |
| control field | 20230306125119.0 |
| 040 ## - CATALOGING SOURCE | |
| Transcribing agency | Nust |
| 082 ## - DEWEY DECIMAL CLASSIFICATION NUMBER | |
| Classification number | 297.55,FAR |
| 100 ## - MAIN ENTRY--PERSONAL NAME | |
| Personal name | Fareedi, iftikhar |
| 9 (RLIN) | 109874 |
| 245 ## - TITLE STATEMENT | |
| Title | Auratt (Woman), Maa, Behn, Bivi aur Beti / |
| Statement of responsibility, etc. | Iftikhar Fareedi |
| 260 ## - PUBLICATION, DISTRIBUTION, ETC. | |
| Place of publication, distribution, etc. | Karachi |
| Name of publisher, distributor, etc. | Nishriyat-e-Islam |
| 300 ## - PHYSICAL DESCRIPTION | |
| Extent | 307:p |
| 650 ## - SUBJECT ADDED ENTRY--TOPICAL TERM | |
| Topical term or geographic name entry element | Women In Islam |
| 9 (RLIN) | 6551 |
| 942 ## - ADDED ENTRY ELEMENTS (KOHA) | |
| Source of classification or shelving scheme | |
| Koha item type | Book |
| Call number prefix | 297.55,FAR |
| Withdrawn status | Lost status | Source of classification or shelving scheme | Damaged status | Not for loan | Permanent Location | Current Location | Shelving location | Date acquired | Full call number | Barcode | Date last seen | Price effective from | Koha item type | Public note |
|---|---|---|---|---|---|---|---|---|---|---|---|---|---|---|
| Military College of Signals (MCS) | Military College of Signals (MCS) | General Stacks | 12/12/2016 | 297.55,FAR | MCS24964 | 12/08/2016 | 12/12/2016 | Book | Almirah No. 64, Shelf No. 2 |
